000 00655nam a2200217 u 4500
005 20240228064020.0
008 101013s2006 r 000 0 eng d
020 _a9684941870
035 _aUPN01000178192
049 _aI
050 4 _aPZ76.3
_bP3.32
100 1 _aPacheco, Cristina,
_d1941-
_930526
245 1 3 _aLa canción del grillo /
_cCristina Pacheco ; il. de Maia Miller.
260 _aMéxico :
_bCIDCLI,
_c2006.
300 _a23 p. :
_bprincipalmente il. col.
440 0 _aEnCuento
650 4 _aGRILLOS -
_vCUENTOS Y LEYENDAS
_915526
650 4 _aLibros y lectura para niños
_92290
700 1 _aMiller, Maia,
_eil.
905 _aInfantil
999 _c150295
_d150295